| Tag |
First Indicator |
Second Indicator |
Subfields |
| LEADER |
00000cam a22000008a 4500 |
| 001 |
in00000593213 |
| 005 |
20151014075849.0 |
| 008 |
860612s1987 nyu 00011 eng |
| 010 |
|
|
|a 86015678
|
| 020 |
|
|
|a 1555840434
|
| 035 |
|
|
|a (OCoLC)13794869
|
| 035 |
|
|
|9 ACP8113AM
|
| 040 |
|
|
|a DLC
|c DLC
|d OCL
|d m/c
|d TXA
|d UtOrBLW
|
| 049 |
|
|
|a TXAM
|c [A10107924]
|
| 050 |
0 |
0 |
|a PS3554.O932
|b H68 1987
|
| 082 |
0 |
|
|a 813/.54
|2 19
|
| 100 |
1 |
|
|a Dowell, Coleman.
|
| 245 |
1 |
4 |
|a The houses of children :
|b collected stories /
|c Coleman Dowell; with a postscript by Bradford Morrow.
|
| 250 |
|
|
|a 1st ed.
|
| 263 |
|
|
|a 8704
|
| 264 |
|
1 |
|a New York :
|b Weidenfeld & Nicolson,
|c 1987.
|
| 300 |
|
|
|a 199 pages
|
| 336 |
|
|
|a text
|b txt
|2 rdacontent
|
| 337 |
|
|
|a unmediated
|b n
|2 rdamedia
|
| 338 |
|
|
|a volume
|b nc
|2 rdacarrier
|
| 999 |
|
|
|a MARS
|
| 999 |
f |
f |
|s f4d48386-f9f0-3cc0-96f6-f7aad107cb6e
|i aa1944a3-4396-38fe-9b88-d89a41d2b546
|t 0
|
| 952 |
f |
f |
|p ric
|a Texas A&M University
|b Rellis Campus
|c Joint Library Facility
|d Remote Storage
|t 0
|e PS3554.O932 H68 1987
|h Library of Congress classification
|i unmediated -- volume
|m A14810107924
|
| 998 |
f |
f |
|a PS3554.O932 H68 1987
|t 0
|l Remote Storage
|